000 00375 a2200157 4500
001 152580
040 _cEscola São Tomás de Aquino
100 _aMACHADO, Antônio de Alcântara
240 1 0 _aAs vagens de Marco Polo
_lpor
245 1 0 _aAs vagens de Marco Polo
300 _a118
362 0 _a1997
440 1 _aScipione
697 _a*LITERATURA JUVENIL
942 _cBK
999 _c152580
_d152580